| 000 | 00868cam a2200253 i 4500 | ||
|---|---|---|---|
| 003 | SA-RiAUC | ||
| 005 | 20251007112724.0 | ||
| 008 | 250922s1981 su a g 00000 ara c | ||
| 040 |
_aSA-JeALM _bara _cSA-RiAUC _erda |
||
| 082 | 0 | 4 |
_a741.5 _qSA-RiAUC |
| 090 |
_a741.5 _bخ ر ج |
||
| 100 | 1 |
_aالخرجي، علي، _d1352 هجري- _eمؤلف. |
|
| 245 | 1 | 0 |
_aخطوط وكلمات / _cعلي الخرجي. |
| 250 | _aالطبعة الأولى. | ||
| 264 | 1 |
_aجدة : _bتهامة، _c1981 |
|
| 300 |
_a485 صفحة : _bرسومات ؛ _c22 في 24 سم. |
||
| 336 |
_aنص _btxt _2rdacontent _3كتاب |
||
| 337 |
_aبدون وسيط _bn _2rdamedia |
||
| 650 | 7 |
_aالكاريكاتير _zالسعودية _2aucsh |
|
| 650 | 7 |
_aالرسم _2aucsh |
|
| 650 | 7 |
_aالكاريكاتير _2aucsh |
|
| 942 |
_2ddc _cBOOK _n0 |
||
| 949 |
_aSA-JeALM _d250922 _uosman123 _n1 |
||
| 999 |
_c12438 _d12438 |
||